LEADER 01415nam--2200433---450- 001 990000457530203316 005 20090324141220.0 010 $a88-348-6231-7 035 $a0045753 035 $aUSA010045753 035 $a(ALEPH)000045753USA01 035 $a0045753 100 $a20010521d1997----km-y0itay0103----ba 101 $aita 102 $aIT 105 $a||||||||001yy 200 1 $aMezzo secolo di socialismo reale$el'Europa centro-orientale dal secondo conflitto mondiale all'era postcomunista$fAntonello Biagini, Francesco Guida 205 $a2. ed. 210 $aTorino$cG. Giappichelli$d1997 215 $aX, 270 p., 2 c. geogr. rip.$cill.$d21 cm 410 $12001 461 1$1001-------$12001 606 0 $aSocialismo$xEuropa orientale$zSec. 20. 676 $a335.00947 700 1$aBIAGINI,$bAntonello$0153939 701 1$aGUIDA,$bFrancesco$f<1950- >$0252348 801 0$aIT$bsalbc$gISBD 912 $a990000457530203316 951 $a335.009 MEZ 1 (ISP IV 540)$b19115 G$cISP IV$d00187353 959 $aBK 969 $aECO 979 $aPATTY$b90$c20010521$lUSA01$h1257 979 $aPATTY$b90$c20010521$lUSA01$h1257 979 $c20020403$lUSA01$h1654 979 $aPATRY$b90$c20040406$lUSA01$h1632 979 $aRSIAV1$b90$c20090223$lUSA01$h1358 979 $aRSIAV2$b90$c20090324$lUSA01$h1412 996 $aMezzo secolo di socialismo reale$9626976 997 $aUNISA LEADER 02148nam0 22003971i 450 001 UON00274990 005 20231205103811.573 010 $a18-417-1686-3 100 $a20060324d2005 |0itac50 ba 101 $aeng 102 $aGB 105 $a|||| ||||| 200 1 $aLRCW 1. : late Roman coarse wares, cooking wares and amphorae in the Mediterranean$earchaeology and archaeometry$fedited by J.Ma. Gurt i Esparraguera, J. Buxeda i Garrigos, M.A. Cau Ontiveros 205 $aOxford$bEngland : Archaeopress 210 $av$d736 p.$cill. ; 30 cm 215 $aThis volume contains the proceedings of the 1st International Conference on Late Roman Coarse Wares ... held in Barcelona in March 2002 410 1$1001UON00065568$12001 $aBAR international series$fGeneral editors: A.R. Hands, D.R. Walker$v1340 423 1$1001UON00375558$12001 $aLate Roman coarse wares, cooking wares and amphorae in the Mediterranean 606 $aAnfore$xArea mediterranea$xCongressi$3UONC059291$2FI 606 $aCeramica romana$xArea mediterranea$xCongressi$3UONC059288$2FI 606 $aRoma$xAntichita'$xCongressi$3UONC059293$2FI 606 $aSCAVIA ARCHEOLOGICI$xArea mediterranea$xCongressi$3UONC059290$2FI 606 $aUTENSILI DA CUCINA$xArea mediterranea$xStoria$xCongressi$3UONC059289$2FI 620 $aGB$dOxford$3UONL000029 676 $a909.1822$cSTORIA MONDIALE. REGIONE MEDITERRANEA$v21 702 1$aBUXEDA I GARRIGOS$bJ.$3UONV160296 702 1$aCAU ONTIVEROS$bMiguel Ángel$3UONV160297 702 1$aGURT I ESPARRAGUERA$bJ. Ma.$3UONV160295 710 12$aInternational Conference on Late Roman Coarse Wares$d1.$f2002$eBarcellona, Spagna$3UONV160294$0691525 712 $aArchaeopress$3UONV252460$4650 801 $aIT$bSOL$c20250530$gRICA 899 $aSIBA - SISTEMA BIBLIOTECARIO DI ATENEO$2UONSI 912 $aUON00274990 950 $aSIBA - SISTEMA BIBLIOTECARIO DI ATENEO$dSI K 428 $eSI MC 30176 5 996 $aLRCW 1. : late Roman coarse wares, cooking wares and amphorae in the Mediterranean$91243930 997 $aUNIOR